000 00198nam a2200085Ia 4500
008 120527s9999 xx 000 0 und d
100 _aAdams & Terkel
245 _aA Wild land of boldness
942 _cBK
999 _c27496
_d27496